000 00313nam a22001337a 4500
008 170523b xxu||||| |||| 00| 0 eng d
020 _a9781111465766
041 _aeng
080 _26 ED
_a94(/8)
100 _a16
101 _aSHH
245 _aREADING IN UNITED STATES HISTORY
_cWRIGHT.R
942 _2udc
_cBK
999 _c13875
_d13875